Statistics for Country Capital Neighbour Connect Jumps Map: Most E letters

Click here to take the quiz!

General Stats

  • This quiz has been taken 178 times
  • The average score is 188 of 392

Answers on the Map

Answers color-coded by a green-red scale on the quiz's map according to % correct below.
Loading ...
 

Answer Stats

Country/Capital% Correct
Federated States of Micronesia
100%
Palikir
92%
Saint Vincent and the Grenadines
88%
Kingstown
87%
Central African Republic
77%
Democratic Republic of the Congo
77%
Cameroon
75%
Equatorial Guinea
75%
Libreville
75%
Republic of the Congo
75%
Cape Verde
73%
Praia
73%
Accra
72%
Algeria
72%
Algiers
72%
Bamako
72%
Benin
72%
Bissau
72%
Brazzaville
72%
Burkina Faso
72%
Conakry
72%
Cote d'Ivoire
72%
Dakar
72%
Freetown
72%
Ghana
72%
Guinea
72%
Guinea-Bissau
72%
Liberia
72%
Lomé
72%
Madrid
72%
Mali
72%
Mauritania
72%
Morocco
72%
N'Djamena
72%
Niamey
72%
Niger
72%
Ouagadougou
72%
Senegal
72%
Sierra Leone
72%
Yaoundé
72%
Amsterdam
70%
Andorra la Vella
70%
Austria
70%
Basseterre
70%
Belarus
70%
Belgium
70%
Belgrade
70%
Berlin
70%
Bern
70%
Bosnia and Herzegovina
70%
Bratislava
70%
Bucharest
70%
Budapest
70%
Copenhagen
70%
Czech Republic
70%
Denmark
70%
France
70%
Germany
70%
Italy
70%
Kiev
70%
Liechtenstein
70%
Montenegro
70%
Netherlands
70%
Prague
70%
Rome
70%
Saint Kitts and Nevis
70%
Sarajevo
70%
Serbia
70%
Slovenia
70%
Switzerland
70%
Ukraine
70%
Vienna
70%
Albania
68%
Athens
68%
Greece
68%
Kosovo
68%
Ljubljana
68%
Macedonia
68%
Podgorica
68%
Pristina
68%
Skopje
68%
Tirana
68%
Bulgaria
67%
Croatia
67%
Hungary
67%
Romania
67%
Zagreb
67%
Seychelles
62%
Victoria
62%
Abu Dhabi
60%
Addis Ababa
60%
Amman
60%
Asmara
60%
Beirut
60%
Cairo
60%
Djibouti
60%
Djibouti (cap)
60%
Dodoma
60%
Egypt
60%
Eritrea
60%
Ethiopia
60%
Israel
60%
Jerusalem
60%
Kenya
60%
Khartoum
60%
Mogadishu
60%
Muscat
60%
Nairobi
60%
Oman
60%
Riyadh
60%
United Arab Emirates
60%
Yemen
60%
Angola
58%
Argentina
58%
Asunción
58%
Bangui
58%
Bogotá
58%
Bolivia
58%
Botswana
58%
Brazil
58%
Buenos Aires
58%
Caracas
58%
Chad
58%
Chile
58%
Colombia
58%
Ecuador
58%
Gaborone
58%
Guyana
58%
Harare
58%
Kinshasa
58%
La Paz
58%
Lesotho
58%
Lilongwe
58%
Lima
58%
Maputo
58%
Maseru
58%
Mbabane
58%
Montevideo
58%
Mozambique
58%
Nigeria
58%
Paramaribo
58%
Peru
58%
Pretoria
58%
South Africa
58%
Windhoek
58%
Zimbabwe
58%
Abuja
57%
Brasília
57%
Brussels
57%
Georgetown
57%
Paris
57%
Porto-Novo
57%
Suriname
57%
Togo
57%
Venezuela
57%
Luxembourg
55%
Luxembourg (cap)
55%
Sri Jayawardenepura Kotte
55%
Sri Lanka
55%
Bandar Seri Begawan
53%
Belize
53%
Belmopan
53%
Brunei
53%
El Salvador
53%
Guatemala
53%
Guatemala City
53%
Indonesia
53%
Kuala Lumpur
53%
Mexico
53%
Mexico City
53%
Papua New Guinea
53%
Port Moresby
53%
United States
53%
Canada
52%
Dili
52%
East Timor
52%
Jakarta
52%
Ottawa
52%
Washington D.C.
52%
Armenia
50%
Azerbaijan
50%
Bangkok
50%
Beijing
50%
Bishkek
50%
Cambodia
50%
China
50%
Dushanbe
50%
Estonia
50%
Finland
50%
Georgia
50%
Helsinki
50%
Laos
50%
Latvia
50%
Moscow
50%
New Delhi
50%
Phnom Penh
50%
Sweden
50%
Tashkent
50%
Tehran
50%
Turkey
50%
Turkmenistan
50%
Vientiane
50%
Vietnam
50%
Yerevan
50%
Afghanistan
48%
Ankara
48%
Ashgabat
48%
Astana
48%
Baghdad
48%
Bangladesh
48%
Damascus
48%
Dhaka
48%
India
48%
Iran
48%
Iraq
48%
Islamabad
48%
Kabul
48%
Kazakhstan
48%
Kyrgyzstan
48%
Lebanon
48%
Lithuania
48%
Minsk
48%
New Zealand
48%
North Korea
48%
Pakistan
48%
Poland
48%
Pyongyang
48%
Russia
48%
Seoul
48%
South Korea
48%
Syria
48%
Tajikistan
48%
Uzbekistan
48%
Wellington
48%
Australia
45%
Canberra
45%
Dublin
45%
Ireland
45%
São Tomé
45%
São Tomé and Príncipe
45%
United Kingdom
45%
Grenada
43%
Iceland
43%
London
43%
Maldives
43%
Malé
43%
Manila
43%
Philippines
43%
Reykjavík
43%
Saint George's
43%
Dominican Republic
42%
Haiti
42%
Kathmandu
42%
Nepal
42%
Port-au-Prince
42%
Santo Domingo
42%
Andorra
40%
Barbados
40%
Bridgetown
40%
Castries
40%
Ngerulmud
40%
Saint Lucia
40%
Spain
40%
Taipei
40%
Taiwan
40%
Costa Rica
38%
Dominica
38%
Honduras
38%
Managua
38%
Nauru
38%
Nicaragua
38%
Palau
38%
Roseau
38%
San José
38%
Tegucigalpa
38%
Yaren
38%
Bahamas
35%
Cuba
35%
Fiji
35%
Havana
35%
Japan
35%
Malta
35%
Nassau
35%
Suva
35%
Tokyo
35%
Valletta
35%
Antananarivo
33%
Apia
33%
Bahrain
33%
Bhutan
33%
Chișinău
33%
Comoros
33%
Cyprus
33%
Madagascar
33%
Manama
33%
Moldova
33%
Moroni
33%
Nicosia
33%
Samoa
33%
Thimphu
33%
Honiara
32%
Solomon Islands
32%
Banjul
30%
Doha
30%
Funafuti
30%
Jamaica
30%
Jordan
30%
Kingston
30%
Lisbon
30%
Portugal
30%
Qatar
30%
Saudi Arabia
30%
Tuvalu
30%
Antigua and Barbuda
28%
Bujumbura
28%
Burundi
28%
Gambia
28%
Juba
28%
Kampala
28%
Kigali
28%
Kiribati
28%
Libya
28%
Saint John's
28%
South Sudan
28%
South Tarawa
28%
Sudan
28%
Tripoli
28%
Tunis
28%
Tunisia
28%
Majuro
27%
Marshall Islands
27%
Monaco
27%
Monaco (cap)
27%
Mongolia
27%
Singapore
27%
Singapore (cap)
27%
Ulaanbaatar
27%
Kuwait
25%
Kuwait City
25%
Luanda
23%
Lusaka
23%
Malawi
23%
Rwanda
23%
Tanzania
23%
Uganda
23%
Baku
22%
Mauritius
22%
Nukuʻalofa
22%
Port Louis
22%
Tbilisi
22%
Tonga
22%
Gabon
20%
Malabo
20%
Malaysia
20%
Myanmar
20%
Naypyidaw
20%
Thailand
20%
Port Vila
18%
Vanuatu
18%
Norway
17%
Nouakchott
17%
Oslo
17%
Port-of-Spain
17%
Rabat
17%
Stockholm
17%
Trinidad and Tobago
17%
Namibia
15%
Paraguay
15%
Quito
15%
Riga
15%
San Marino
15%
San Marino (cap)
15%
San Salvador
15%
Santiago
15%
Somalia
15%
Tallinn
15%
Zambia
15%
Hanoi
13%
Monrovia
13%
Panama
13%
Panama City
13%
Sana'a
13%
Slovakia
13%
Swaziland
13%
Uruguay
13%
Vilnius
13%
Warsaw
13%
Yamoussoukro
13%
Sofia
12%
Vaduz
12%
Vatican City
10%
Vatican City (cap)
10%

Score Distribution

Percentile by Number Answered

Percent of People with Each Score

Your Score History

You have not taken this quiz